00951 2200337 4500001002100000005001700021008004100038020002200079035002400101040001200125082001500137084001700152100002200169245010000191250001100291260004400302300003700346650003300383700001500416850001200431990001700443990001700460990001700477990001700494990001700511990001700528990001700545990001700562990001700579990001700596INLIS00000000002164720160801091412.0  a978-602-7996-37-3 0010-081600000000004 aYOPDYOG 223a297.45 a297.45 Afi H aAFIN MURTIE, 1976 aHijab style for teensb: dari sekolah, gaul, hingga pestacAfin Murtie; penyunting, Chrisna, f. aCet. 1 aJogjakartabTrans Jaka Publishingc2014 aviii, 88 hlm.b: ilus.c: 23 cm. aIslam, Pakaian dan perhiasan aCHRISNA,F. aYOPDYOG a8389-KS/B.16 a8390-KS/B.16 a8391-KS/B.16 a8392-KS/B.16 a8393-KS/B.16 a8394-KS/B.16 a8395-KS/B.16 a8396-KS/B.16 a8397-KS/B.16 a8398-KS/B.16